000 00421nam a2200181Ia 4500
001 4628
005 20260306145810.0
008 260306t1996||||xx |||||||||||||| ||spa||
041 _aESP
082 _a327.85
_bM12
100 _aMcBride, George
_eAUT
245 0 _aFrontera peruano - ecuatoriana
260 _c1996
300 _a274 páginas :
_c29 cm.
650 _aGEN
654 _aCHU
942 _cLIB
_dJUS
_fJUS
_2ddc
_n
999 _c4628
_d4628